000 00585nam a2200229Ia 4500
003 LK-CoDNM
005 20240807103240.0
008 010623t1907 xxu||||| |||| 00| 1 eng d
040 _aLK-CoDNM
_dLK-CoDNM
_eLK-CoDNM
041 _aeng
_aIlligible
080 _a16
_bQ18
100 _aAdler,Marcus Nathan.
245 _aThe Itinerary of Benjamin of Tudela
260 _bHenry Frowde
_aLondon
_c1907
300 _bxvi, 94p. : map ; 22 610: 16 Q 18 cm
650 _aAfrica
650 _aAsia
650 _aConstantinople
650 _aEurope
650 _aRome
942 _cBK
999 _c86487
_d86487